[Event "119th NZL-ch op"]
[Site "Queenstown NZL"]
[Date "2012.01.23"]
[Round "9"]
[White "Machdoem, Andhika"]
[Black "Gao, Hans"]
[Result "1/2-1/2"]
[WhiteElo "2129"]
[BlackElo "1924"]
[EventDate "2012.01.15"]
[PlyCount "93"]

1.d4 Nf6 2.Nf3 g6 3.g3 Bg7 4.Bg2 d6 5.O-O O-O 6.c4 Nc6 7.Nc3 a6 8.d5 Na5 
9.b3 c5 10.Bb2 Rb8 11.Qc2 b5 12.cxb5 axb5 13.e4 Nd7 14.Rfe1 Ba6 15.Rad1 b4
16.Nb1 Bxb2 17.Qxb2 c4 18.bxc4 Nxc4 19.Qb3 Nc5 20.Qc2 Qb6 21.e5 Rfc8 22.
exd6 Qxd6 23.Nd4 Na5 24.Nc6 Nxc6 25.dxc6 Bd3 26.Qc1 Rc7 27.Qe3 Rd8 28.Rc1 
Ne6 29.Red1 Qd4 30.Qe1 Qb6 31.Nd2 Rd4 32.Qe3 Qa6 33.Nf3 Rd8 34.Ne5 Bb5 35.
Rxd8+ Nxd8 36.Qf4 Qxa2 37.Nxg6 Ne6 38.Qe5 hxg6 39.Ra1 Qxa1+ 40.Qxa1 Kh7 
41.Qa5 Bxc6 42.Bxc6 Rxc6 43.Qxb4 Rc7 44.h4 Kg7 45.h5 gxh5 46.Qh4 Kg6 47.
Qe4+ 1/2-1/2

[Event "119th NZL-ch op"]
[Site "Queenstown NZL"]
[Date "2012.01.23"]
[Round "9"]
[White "Millikan, Erlend"]
[Black "King, Mathew"]
[Result "0-1"]
[WhiteElo "1760"]
[BlackElo "1961"]
[EventDate "2012.01.15"]
[PlyCount "100"]

1.d4 Nf6 2.Nf3 g6 3.Bg5 Bg7 4.Nbd2 d6 5.e3 O-O 6.Be2 c5 7.c3 h6 8.Bh4 cxd4
9.cxd4 Nc6 10.O-O Bf5 11.a3 Rc8 12.Rc1 g5 13.Bg3 Nh5 14.b4 Nxg3 15.hxg3 a6
16.Qb3 b5 17.Rfd1 Qb6 18.Kh2 Bg6 19.Bd3 Bxd3 20.Qxd3 e6 21.Rc2 a5 22.Qb3 
a4 23.Qd3 Ne7 24.Rdc1 d5 25.Rxc8 Nxc8 26.Qc3 Nd6 27.Qc6 Qb8 28.Qc7 Qxc7 
29.Rxc7 Rc8 30.Rc5 Kf8 31.g4 Ke8 32.Ne1 Rxc5 33.dxc5 Bc3 34.Ndf3 Nc4 35.
Nc2 e5 36.Kg1 f6 37.Kf1 Bb2 38.Nfe1 Nxa3 39.Ke2 Nc4 40.Nd3 a3 41.Kd1 e4 
42.Nc1 Ne5 43.Nd4 Nd3 44.Na2 Nxf2+ 45.Ke2 Nd3 46.Kd2 Bxd4 47.exd4 Kd7 48.
Kc2 Ne1+ 49.Kb3 Nxg2 50.Nc3 Kc6 0-1

[Event "119th NZL-ch op"]
[Site "Queenstown NZL"]
[Date "2012.01.23"]
[Round "9"]
[White "Morris, James"]
[Black "Akshat, Khamparia"]
[Result "0-1"]
[WhiteElo "2354"]
[BlackElo "2414"]
[EventDate "2012.01.15"]
[PlyCount "110"]

1.c4 Nf6 2.Nc3 g6 3.g3 Bg7 4.Bg2 O-O 5.Nf3 d6 6.O-O Nc6 7.d4 a6 8.b3 Rb8 
9.d5 Na5 10.Nd4 Bd7 11.Bd2 c5 12.dxc6 bxc6 13.Nc2 c5 14.Rc1 Nc6 15.Nd5 
Nxd5 16.cxd5 Nb4 17.Nxb4 cxb4 18.Be4 Qa5 19.a4 Rfc8 20.h4 e6 21.Rxc8+ Bxc8
22.Be3 Bb7 23.dxe6 Bxe4 24.Qxd6 Qe5 25.exf7+ Kxf7 26.Qxa6 Qe6 27.Qa5 Rb7 
28.Qg5 h6 29.Qf4+ Kg8 30.a5 Kh7 31.Bb6 Bc6 32.Qxb4 Qxe2 33.Qf4 Rd7 34.Qe3 
Qg4 35.Kh2 Rd1 36.Re1 Rxe1 37.Qxe1 Qf3 38.Qf1 Qxb3 39.Be3 Qd5 40.a6 Bb5 
41.Qg2 Qxg2+ 42.Kxg2 Bxa6 43.g4 h5 44.f3 Bh6 45.Bd4 Bf4 46.Kf2 Bc8 47.gxh5
gxh5 48.Ba7 Kg6 49.Bb6 Kf5 50.Ba7 Ke6 51.Bb6 Kd5 52.Kg2 Kc4 53.Bd8 Kd3 54.
Kf2 Be3+ 55.Kg3 Ke2 0-1

[Event "119th NZL-ch op"]
[Site "Queenstown NZL"]
[Date "2012.01.23"]
[Round "9"]
[White "Rozentalis, Eduardas"]
[Black "Ly, Moulthun"]
[Result "1-0"]
[WhiteElo "2592"]
[BlackElo "2376"]
[EventDate "2012.01.15"]
[PlyCount "117"]

1.e4 c5 2.Nf3 e6 3.c3 d5 4.exd5 exd5 5.d4 Nc6 6.Bb5 Bd6 7.O-O a6 8.dxc5 
Bxc5 9.Bd3 Nf6 10.Bg5 O-O 11.Nbd2 Bg4 12.Qa4 b5 13.Bxf6 bxa4 14.Bxd8 Rfxd8
15.a3 Bd7 16.Rfe1 h6 17.Bc2 Na5 18.Ne5 Be8 19.Ndf3 Rab8 20.Rab1 Ba7 21.h3 
Kf8 22.Re2 d4 23.cxd4 Bxd4 24.Nxd4 Rxd4 25.Rbe1 Bb5 26.Re4 Rbd8 27.R1e3 
Rxe4 28.Rxe4 Re8 29.Re3 f6 30.Ng6+ Kf7 31.Rc3 Nc4 32.Nf4 Re1+ 33.Kh2 g5 
34.Nd5 Re5 35.Ne3 Nxe3 36.fxe3 Ke7 37.Kg3 Rd5 38.Be4 Rd1 39.Rc2 Re1 40.Kf3
Rf1+ 41.Rf2 Re1 42.Bf5 Rd1 43.Kg4 Be8 44.Bc8 Rd3 45.Re2 Bb5 46.Kh5 Rd8 47.
Rc2 Rh8 48.Bf5 Be8+ 49.Bg6 Bb5 50.Rc7+ Kd6 51.Rf7 Be2+ 52.g4 Ke6 53.Rb7 
Bb5 54.Bf5+ Kd6 55.Kg6 Re8 56.e4 Bc6 57.Rf7 Ke5 58.Ra7 Bb5 59.Kf7 1-0

[Event "119th NZL-ch op"]
[Site "Queenstown NZL"]
[Date "2012.01.23"]
[Round "9"]
[White "Safarian, Alek"]
[Black "Tionko, Efrain"]
[Result "1-0"]
[WhiteElo "2036"]
[BlackElo "1865"]
[EventDate "2012.01.15"]
[PlyCount "107"]

1.d4 Nf6 2.c4 g6 3.Nc3 Bg7 4.e4 d6 5.f3 O-O 6.Be3 Nc6 7.Qd2 a6 8.O-O-O b5 
9.h4 h5 10.Nge2 bxc4 11.g4 hxg4 12.h5 Nxh5 13.Bh6 e5 14.d5 Nd4 15.Bxg7 
Kxg7 16.Nxd4 exd4 17.Qxd4+ Qf6 18.Qxc4 gxf3 19.Bd3 Bg4 20.Rd2 Ng3 21.Rg1 
Qf4 22.Qd4+ f6 23.Qf2 Nh5 24.Qd4 Rh8 25.Nd1 Ng3 26.Ne3 Ne2+ 27.Bxe2 fxe2 
28.Nxg4 Qf1+ 29.Kc2 e1=Q 30.Rxf1 Qxf1 31.Rf2 Qxf2+ 32.Qxf2 Raf8 33.Ne3 Rh5
34.Qf1 Re8 35.Qg2 Rg5 36.Qf3 Rh5 37.Kd3 Rg5 38.Qf4 Re7 39.b4 Rh5 40.a4 Re8
41.Qg4 Rhe5 42.Nf5+ Kf7 43.Nd4 Rxe4 44.Qxe4 Rxe4 45.Kxe4 f5+ 46.Kf4 Kf6 
47.Nf3 Ke7 48.Kg5 Kd7 49.Nd4 Kc8 50.Kxg6 f4 51.Kf5 f3 52.Nxf3 c5 53.dxc6 
Kc7 54.Nd4 1-0

[Event "119th NZL-ch op"]
[Site "Queenstown NZL"]
[Date "2012.01.23"]
[Round "9"]
[White "Schon, Eugene"]
[Black "Ikeda, Junta"]
[Result "0-1"]
[WhiteElo "2188"]
[BlackElo "2349"]
[EventDate "2012.01.15"]
[PlyCount "92"]

1.Nf3 c5 2.c4 e6 3.g3 b6 4.Bg2 Bb7 5.O-O Nf6 6.Nc3 Be7 7.Re1 O-O 8.e4 d6 
9.d4 cxd4 10.Nxd4 Qc8 11.Be3 a6 12.Rc1 Nbd7 13.f4 g6 14.f5 gxf5 15.exf5 
Bxg2 16.fxe6 fxe6 17.Kxg2 Ne5 18.Bf4 Qxc4 19.Bxe5 dxe5 20.Rxe5 Rad8 21.Nd5
Qxd5+ 22.Rxd5 Rxd5 23.Qa4 b5 24.Qxa6 Rxd4 25.Qxe6+ Rf7 26.Rc2 Kg7 27.Rf2 
Rd6 28.Qe3 Rd5 29.Rc2 Bd6 30.a3 Re7 31.Qf3 Rde5 32.Rd2 R7e6 33.Qb7+ Kg6 
34.Qf3 h5 35.Qd3+ Kg7 36.Kh3 Ne4 37.Rc2 Rf6 38.Re2 Rfe6 39.Rc2 Rf5 40.Kg2 
h4 41.Qd4+ Kh7 42.Rc8 h3+ 43.Kxh3 Ng5+ 44.Kg4 Rfe5 45.Qd3+ Re4+ 46.Kh5 Be7
0-1

[Event "119th NZL-ch op"]
[Site "Queenstown NZL"]
[Date "2012.01.23"]
[Round "9"]
[White "Setiabudi, Megan"]
[Black "Flitney, Adrian"]
[Result "1/2-1/2"]
[WhiteElo "1755"]
[BlackElo "1959"]
[EventDate "2012.01.15"]
[PlyCount "46"]

1.e4 e6 2.d4 d5 3.Nd2 c5 4.Ngf3 Nc6 5.exd5 exd5 6.dxc5 Bxc5 7.Be2 Nge7 8.
O-O O-O 9.Nb3 Bd6 10.Nbd4 a6 11.Be3 Bc7 12.c3 Qd6 13.h3 Nf5 14.Nxf5 Bxf5 
15.Bd3 Be4 16.Bxe4 dxe4 17.Qxd6 Bxd6 18.Nd4 Nxd4 19.Bxd4 Rfe8 20.c4 Rac8 
21.b3 Rcd8 22.Rfd1 Bc7 23.Bb2 f5 1/2-1/2

[Event "119th NZL-ch op"]
[Site "Queenstown NZL"]
[Date "2012.01.23"]
[Round "9"]
[White "Simmonds, Leteisha"]
[Black "Davis, Justin"]
[Result "1-0"]
[WhiteElo "1643"]
[BlackElo "1985"]
[EventDate "2012.01.15"]
[PlyCount "91"]

1.e4 d5 2.exd5 Nf6 3.d4 Bg4 4.f3 Bf5 5.c4 e6 6.dxe6 Nc6 7.d5 Nb4 8.exf7+ 
Kxf7 9.Na3 Bc5 10.Be2 Re8 11.Kf1 Qd6 12.Nb5 Qb6 13.a3 Bxg1 14.Rxg1 Rxe2 
15.Nd4 Bd3 16.Nxe2 Ng4 17.fxg4 Kg8 18.axb4 Rf8+ 19.Ke1 Qf2+ 20.Kd2 Bxe2 
21.Qxe2 Qxg1 22.Kc3 Qxh2 23.Rxa7 Qg3+ 24.Be3 Re8 25.Kd3 b5 26.b3 Qe5 27.
Rb7 Qe4+ 28.Kd2 Qe5 29.Qd3 Qb2+ 30.Qc2 Qe5 31.Qc3 Qg3 32.Rxb5 Qxg2+ 33.Kc1
Qxg4 34.Rb7 Qe2 35.Rxc7 Qxe3+ 36.Qxe3 Rxe3 37.d6 Kf8 38.Kc2 h5 39.b5 h4 
40.b6 h3 41.b7 h2 42.d7 Re2+ 43.Kd3 h1=Q 44.d8=Q+ Re8 45.Qxe8+ Kxe8 46.
b8=Q# 1-0

[Event "119th NZL-ch op"]
[Site "Queenstown NZL"]
[Date "2012.01.23"]
[Round "9"]
[White "Smochina, Carolina"]
[Black "Lovejoy, David"]
[Result "1/2-1/2"]
[WhiteElo "2167"]
[BlackElo "1939"]
[EventDate "2012.01.15"]
[PlyCount "62"]

1.c4 Nf6 2.Nc3 g6 3.e4 d6 4.g3 Bg7 5.Bg2 e5 6.Nge2 O-O 7.d3 a5 8.Bg5 h6 9.
Bd2 Na6 10.Nd5 Nc5 11.Bc3 c6 12.Nxf6+ Qxf6 13.O-O Qe7 14.Qd2 Na4 15.Bxa5 
Nxb2 16.Bb6 Na4 17.Be3 Kh7 18.Rab1 Nc5 19.Nc1 Ne6 20.Nb3 Nd4 21.f4 f5 22.
fxe5 dxe5 23.exf5 gxf5 24.Nxd4 exd4 25.Bf4 Qa3 26.Rf2 Re8 27.g4 Qc3 28.h3 
Ra3 29.Bd6 Qxd3 30.Qxd3 Rxd3 31.gxf5 Bf6 1/2-1/2

[Event "119th NZL-ch op"]
[Site "Queenstown NZL"]
[Date "2012.01.23"]
[Round "9"]
[White "Solomon, Stephen"]
[Black "Dordevic, Ivan"]
[Result "1-0"]
[WhiteElo "2375"]
[BlackElo "2060"]
[EventDate "2012.01.15"]
[PlyCount "79"]

1.e4 c5 2.Nf3 Nc6 3.d4 cxd4 4.Nxd4 g6 5.Bc4 Bg7 6.Be3 Nf6 7.Nc3 d6 8.Be2 
O-O 9.O-O Bd7 10.Qd2 Nxd4 11.Bxd4 Bc6 12.f3 a5 13.b3 Nd7 14.Be3 Nc5 15.
Rab1 e6 16.Rfd1 Be5 17.Bf1 Qe7 18.Ne2 Rfd8 19.Nd4 Be8 20.g3 f5 21.exf5 
gxf5 22.Bg2 Bxd4 23.Bxd4 e5 24.Bc3 b6 25.f4 Rac8 26.Qe3 e4 27.Rd5 Bg6 28.
Rbd1 Rc6 29.h4 h5 30.Bh3 Qf7 31.Qd4 Kf8 32.Kf2 a4 33.Bxf5 Bxf5 34.Rxf5 
Qxf5 35.Qg7+ Ke8 36.Bf6 Qe6 37.Qh8+ Kf7 38.Bxd8 Qg6 39.Rd5 Ne6 40.f5 1-0

[Event "119th NZL-ch op"]
[Site "Queenstown NZL"]
[Date "2012.01.23"]
[Round "9"]
[White "Steadman, Michael"]
[Black "Van Riemsdijk, Herman Claudius"]
[Result "1-0"]
[WhiteElo "2258"]
[BlackElo "2401"]
[EventDate "2012.01.15"]
[PlyCount "93"]

1.d4 c5 2.d5 Nf6 3.c4 b5 4.cxb5 a6 5.bxa6 g6 6.Nc3 Bxa6 7.Nf3 d6 8.g3 Bg7 
9.Bg2 Nbd7 10.O-O O-O 11.Ne1 Ne8 12.Nc2 Nc7 13.Ne3 Nb5 14.Bd2 Nd4 15.Re1 
Qc7 16.b3 Rfb8 17.Rb1 Nb6 18.h3 Bc8 19.Nc2 Bd7 20.Ne3 Qc8 21.Kh2 h5 22.Nf1
Bf6 23.e3 Nb5 24.Ne4 Bg7 25.a4 Nc7 26.Bc3 Nbxd5 27.Bxg7 Kxg7 28.Nxd6 exd6 
29.Bxd5 Nxd5 30.Qxd5 Ra6 31.h4 Be6 32.Qd3 Rb4 33.Nd2 Qa8 34.e4 Kg8 35.Qc3 
Rab6 36.e5 Bf5 37.Rbc1 Qb8 38.exd6 Rxd6 39.Re3 Be6 40.Ne4 Rdd4 41.Nxc5 Bd5
42.Kg1 Qc8 43.Kf1 Bc4+ 44.Nd3 Qh3+ 45.Ke1 Ba6 46.Rd1 Qd7 47.Qxb4 1-0

[Event "119th NZL-ch op"]
[Site "Queenstown NZL"]
[Date "2012.01.23"]
[Round "9"]
[White "Stojic, Dusan"]
[Black "Bennett, Hilton"]
[Result "1-0"]
[WhiteElo "2294"]
[BlackElo "1965"]
[EventDate "2012.01.15"]
[PlyCount "37"]

1.e4 g6 2.d4 Bg7 3.Nc3 d6 4.Nf3 a6 5.Bc4 Nf6 6.Qe2 O-O 7.e5 Ne8 8.Bg5 dxe5
9.dxe5 c6 10.h4 Bg4 11.h5 Qc7 12.hxg6 hxg6 13.e6 f5 14.O-O-O Nd6 15.Bxe7 
Nxc4 16.Bxf8 Qf4+ 17.Kb1 Bxf3 18.Bxg7 Bxe2 19.Bf6 1-0

[Event "119th NZL-ch op"]
[Site "Queenstown NZL"]
[Date "2012.01.23"]
[Round "9"]
[White "Stuart, Peter"]
[Black "Pyke, Malcolm"]
[Result "0-1"]
[WhiteElo "1991"]
[BlackElo "2132"]
[EventDate "2012.01.15"]
[PlyCount "74"]

1.c4 Nf6 2.g3 c6 3.b3 d5 4.Bb2 Bf5 5.Nf3 Nbd7 6.Bg2 e6 7.O-O h6 8.d4 Bd6 
9.Nbd2 O-O 10.h3 Qb8 11.Rc1 b5 12.cxb5 cxb5 13.Re1 a5 14.a3 Bh7 15.Nh2 a4 
16.b4 Qb7 17.Nhf3 Rac8 18.Rxc8 Rxc8 19.Qa1 Nb6 20.Rc1 Ne4 21.Nxe4 Bxe4 22.
Rxc8+ Qxc8 23.Nd2 Bxg2 24.Kxg2 f5 25.Qc1 Qxc1 26.Bxc1 Be7 27.Nb1 Bf6 28.e3
Nc4 29.Nc3 Nd6 30.Kf3 Kf7 31.Ke2 Ke7 32.Kd3 Kd7 33.f3 Kc6 34.e4 fxe4+ 35.
fxe4 Nc4 36.e5 Bd8 37.Be3 Nxa3 0-1

[Event "119th NZL-ch op"]
[Site "Queenstown NZL"]
[Date "2012.01.23"]
[Round "9"]
[White "Kharisma Sukandar, Irine"]
[Black "Kruttika, Nadig"]
[Result "1-0"]
[WhiteElo "2325"]
[BlackElo "2234"]
[EventDate "2012.01.15"]
[PlyCount "117"]

1.e4 c5 2.Nf3 d6 3.d4 cxd4 4.Nxd4 Nf6 5.Nc3 g6 6.Be3 Bg7 7.f3 Nc6 8.Qd2 
O-O 9.O-O-O d5 10.exd5 Nxd5 11.Nxc6 bxc6 12.Bd4 Bxd4 13.Qxd4 Qb6 14.Na4 
Qc7 15.Bc4 Rd8 16.g3 Bf5 17.Qc5 Nb6 18.Bb3 Rd6 19.Nc3 Rad8 20.Rde1 Qb7 21.
Qe3 c5 22.Qxc5 Qxf3 23.Rhf1 Qg2 24.Rf2 Qb7 25.g4 Be6 26.Ref1 Bxb3 27.axb3 
f6 28.h4 Qc6 29.Qe3 Re6 30.Qh3 Qc5 31.Rf3 Qe5 32.Qh1 h5 33.gxh5 Qxh5 34.
Rg3 Rd4 35.Qg1 Rxh4 36.Rxg6+ Kf7 37.Rg7+ Ke8 38.Rg8+ Kd7 39.Qg2 Rc6 40.
Rd1+ Kc7 41.Qg3+ Rd6 42.Nb5+ Qxb5 43.Rxd6 Qf1+ 44.Rd1+ Qf4+ 45.Qxf4+ Rxf4 
46.Re1 Nc8 47.Re3 Rf1+ 48.Kd2 Rf2+ 49.Kd1 Kd7 50.Rg4 Nd6 51.Ra4 Nb5 52.Ra5
a6 53.Rd3+ Kc7 54.Rxa6 e5 55.Rd2 Rf4 56.c3 Kb7 57.Re6 e4 58.Rd7+ Kc8 59.
Rf7 1-0

[Event "119th NZL-ch op"]
[Site "Queenstown NZL"]
[Date "2012.01.23"]
[Round "9"]
[White "Tao, Trevor"]
[Black "Li Chao"]
[Result "1/2-1/2"]
[WhiteElo "2422"]
[BlackElo "2693"]
[EventDate "2012.01.15"]
[PlyCount "175"]

1.c4 Nf6 2.Nc3 d5 3.cxd5 Nxd5 4.g3 Nxc3 5.bxc3 g6 6.Bg2 Bg7 7.Rb1 O-O 8.
Rxb7 Bxb7 9.Bxb7 Nd7 10.Bxa8 Qxa8 11.f3 Qd5 12.Qc2 Ne5 13.Nh3 Nxf3+ 14.
exf3 Qe6+ 15.Kf2 Qxh3 16.Ba3 Be5 17.Qb1 Rd8 18.d4 Bf6 19.Bc5 e5 20.Bxa7 h5
21.Qe4 Qe6 22.Bc5 Qxa2+ 23.Qe2 Qb3 24.Rc1 Bg5 25.Re1 Bf6 26.Qe3 Qc4 27.Rd1
Rb8 28.Rd2 Rb3 29.Rc2 Rb1 30.Qe2 Qd5 31.Kg2 Bg7 32.Qe4 Qc4 33.Qe2 Qd5 34.
Qe4 Qd7 35.dxe5 Qd1 36.Qe2 Qd5 37.Bd4 Rb8 38.Rd2 Re8 39.c4 Qe6 40.f4 Qc6+ 
41.Kf2 Bf8 42.Be3 Rb8 43.Qd3 Rb4 44.Qd5 Qa6 45.c5 Ra4 46.e6 fxe6 47.Qg5 e5
48.Qxe5 Ra1 49.Qd5+ Kh7 50.Qd3 Qxd3 51.Rxd3 Ra2+ 52.Kg1 Kg7 53.Rd7+ Kf6 
54.Rxc7 Kf5 55.Bf2 Ke4 56.Kg2 Rc2 57.Rc8 Bg7 58.Re8+ Kf5 59.Rd8 Ke4 60.Kf1
Bb2 61.Re8+ Kf5 62.Re2 Rc1+ 63.Kg2 Bg7 64.h3 Rc3 65.Re7 Bf6 66.Rf7 Rc2 67.
g4+ Ke6 68.Rxf6+ Kxf6 69.Kg3 Ke6 70.Bd4 Rc4 71.Bh8 Rxc5 72.Kh4 Rb5 73.Be5 
Rb3 74.gxh5 gxh5 75.Bc7 Kf5 76.Be5 Rd3 77.Bc7 Rd1 78.Be5 Rh1 79.Bc7 Ke4 
80.Be5 Kf3 81.Bd6 Kg2 82.Kxh5 Rxh3+ 83.Kg6 Rg3+ 84.Kf6 Rd3 85.Ke6 Re3+ 86.
Be5 Rf3 87.f5 Rxf5 88.Kxf5 1/2-1/2

[Event "119th NZL-ch op"]
[Site "Queenstown NZL"]
[Date "2012.01.23"]
[Round "9"]
[White "Tsoi, Nicole"]
[Black "Watharow, Sean"]
[Result "1/2-1/2"]
[WhiteElo "1715"]
[BlackElo "1929"]
[EventDate "2012.01.15"]
[PlyCount "101"]

1.d4 c5 2.c3 Nf6 3.Bf4 e6 4.e3 b6 5.Nf3 Be7 6.Nbd2 Bb7 7.h3 O-O 8.Bd3 Nd5 
9.Bh2 cxd4 10.exd4 d6 11.O-O Nd7 12.Re1 Re8 13.Rc1 Nf8 14.Bb5 Nd7 15.Ne4 
Nc7 16.Bd3 Nf6 17.Nfd2 Nxe4 18.Nxe4 Qd7 19.Qh5 g6 20.Qh6 f5 21.Nd2 Qd8 22.
Qe3 Bf6 23.Nc4 e5 24.dxe5 Bg5 25.f4 Be7 26.Qd2 dxe5 27.Nxe5 Kg7 28.b4 Qd5 
29.Rcd1 Rad8 30.Qc2 Bh4 31.c4 Qd4+ 32.Kf1 Bxe1 33.Rxe1 Kf8 34.Bxf5 Rxe5 
35.fxe5 Bxg2+ 36.Kxg2 Qd2+ 37.Kf1 gxf5 38.Qxf5+ Ke8 39.Re2 Qc1+ 40.Kf2 
Qxc4 41.e6 Qd4+ 42.Kf3 Qd3+ 43.Qxd3 Rxd3+ 44.Ke4 Rc3 45.Bxc7 Rxc7 46.Kd5 
Rc3 47.h4 Ke7 48.Re4 Ra3 49.Rf4 Rd3+ 50.Ke5 Re3+ 51.Re4 1/2-1/2

[Event "119th NZL-ch op"]
[Site "Queenstown NZL"]
[Date "2012.01.23"]
[Round "9"]
[White "Voon, Richard"]
[Black "Pinic, Noel"]
[Result "0-1"]
[WhiteElo "1933"]
[BlackElo "2066"]
[EventDate "2012.01.15"]
[PlyCount "92"]

1.d4 Nf6 2.c4 e5 3.dxe5 Ng4 4.Nf3 Nc6 5.Nc3 Bc5 6.e3 O-O 7.Be2 Ngxe5 8.O-O
Nxf3+ 9.Bxf3 Ne5 10.Be2 a6 11.b3 d6 12.Bb2 Be6 13.Qc2 f5 14.Rad1 Qh4 15.
Nd5 Rf7 16.Nf4 Re8 17.Bd4 g5 18.g3 Qh6 19.Bxe5 dxe5 20.Nd3 Ba7 21.Nxe5 Rf6
22.c5 Bc8 23.f4 gxf4 24.exf4 b5 25.Bf3 c6 26.Rfe1 Rfe6 27.b4 Qf6 28.Bh5 
Rf8 29.Qb3 Kg7 30.Nd3 Kh6 31.Bf3 a5 32.a3 Rfe8 33.Kg2 a4 34.Qc2 Bb8 35.
Rxe6 Bxe6 36.Re1 Bb3 37.Qd2 Rd8 38.Qb2 Rd4 39.Ne5 Bxe5 40.fxe5 Qd8 41.Re2 
Bd1 42.Qc1+ Kg6 43.Rf2 Bxf3+ 44.Rxf3 Rd2+ 45.Kh3 Qg5 46.Rf4 Qh6+ 0-1

[Event "119th NZL-ch op"]
[Site "Queenstown NZL"]
[Date "2012.01.23"]
[Round "9"]
[White "Vuglar, Shannon"]
[Black "Janisz, Andrew"]
[Result "1-0"]
[WhiteElo "1581"]
[BlackElo "1989"]
[EventDate "2012.01.15"]
[PlyCount "133"]

1.e4 d6 2.d4 Nf6 3.Nc3 g6 4.Be3 Bg7 5.Qd2 Ng4 6.Bg5 h6 7.Bh4 c6 8.Bd3 Qb6 
9.h3 Bxd4 10.Na4 Qc7 11.hxg4 Bg7 12.f3 b5 13.Nc3 a5 14.Nh3 Bd7 15.Bf2 b4 
16.Nd1 c5 17.Bc4 Nc6 18.Bd5 e6 19.Bxc6 Bxc6 20.Bg3 O-O-O 21.c3 h5 22.g5 h4
23.Bh2 Qe7 24.Ne3 d5 25.e5 Bb5 26.cxb4 d4 27.Ng4 axb4 28.a4 bxa3 29.Rxa3 
Qb7 30.Qa5 c4 31.Qa8+ Qxa8 32.Rxa8+ Kb7 33.Rxd8 Rxd8 34.Ngf2 Bf8 35.Ne4 
Bb4+ 36.Kf2 Ra8 37.Nd6+ Bxd6 38.exd6 Ra2 39.Rb1 c3 40.Kg1 Rxb2 41.Rc1 Kc6 
42.Nf2 Kd5 43.Ne4 e5 44.d7 Bxd7 45.Nf6+ Ke6 46.Nxd7 Kxd7 47.Bxe5 Rd2 48.
Bf4 Rb2 49.Rd1 Rb4 50.Bc1 Kc6 51.Kf2 Kb5 52.Rh1 d3 53.Ke3 d2 54.Bxd2 cxd2 
55.Rd1 Rb2 56.Rxd2 Rb3+ 57.Ke4 Kc6 58.f4 h3 59.gxh3 Rxh3 60.Ke5 Ra3 61.
Rc2+ Kd7 62.Kf6 Rf3 63.Rc4 Ke8 64.Kg7 Re3 65.Ra4 Re7 66.Ra8+ Kd7 67.Kf8 
1-0

[Event "119th NZL-ch op"]
[Site "Queenstown NZL"]
[Date "2012.01.23"]
[Round "9"]
[White "Wallis, Christopher"]
[Black "Bojkov, Dejan"]
[Result "0-1"]
[WhiteElo "2259"]
[BlackElo "2553"]
[EventDate "2012.01.15"]
[PlyCount "126"]

1.e4 e5 2.Nf3 Nc6 3.Bb5 Nf6 4.O-O Nxe4 5.d4 Nd6 6.Bxc6 dxc6 7.dxe5 Nf5 8.
Qxd8+ Kxd8 9.Nc3 Bd7 10.h3 h6 11.Ne4 b6 12.Re1 c5 13.Bf4 Be6 14.a3 Kd7 15.
Rad1+ Kc6 16.g4 Ne7 17.Kg2 Ng6 18.Bc1 Be7 19.Kg3 Rad8 20.Rxd8 Rxd8 21.h4 
Bd5 22.h5 Nf8 23.Bd2 Ne6 24.Bc3 b5 25.b3 b4 26.axb4 cxb4 27.Bb2 a5 28.Nfd2
Bg5 29.Nxg5 hxg5 30.Nf1 Ra8 31.Ne3 a4 32.bxa4 Rxa4 33.f3 Ra2 34.Rb1 Kc5 
35.Nf5 Bc4 36.Ne3 Nf4 37.Nf5 b3 38.cxb3 Bd3 39.Rc1+ Kb6 40.Bd4+ Kb7 41.Rg1
Ne2+ 42.Kf2 Bxf5 43.gxf5 Nxd4+ 44.Ke3 Nxf5+ 45.Ke4 Ne7 46.Rxg5 g6 47.hxg6 
fxg6 48.f4 Re2+ 49.Kd4 Kc6 50.Rg1 Nf5+ 51.Kd3 Re3+ 52.Kc4 Ne7 53.Rc1 Kd7 
54.Rf1 Ke6 55.b4 Nd5 56.b5 Rxe5 57.fxe5 Ne3+ 58.Kc5 Nxf1 59.Kc6 Ne3 60.
Kxc7 Nd5+ 61.Kc6 Kxe5 62.b6 Nxb6 63.Kxb6 g5 0-1

[Event "119th NZL-ch op"]
[Site "Queenstown NZL"]
[Date "2012.01.23"]
[Round "9"]
[White "West, Guy"]
[Black "Kempen, Leon"]
[Result "1-0"]
[WhiteElo "2323"]
[BlackElo "1999"]
[EventDate "2012.01.15"]
[PlyCount "101"]

1.e4 Nf6 2.e5 Nd5 3.d4 d6 4.c4 Nb6 5.exd6 exd6 6.Nc3 Nc6 7.d5 Ne5 8.h3 Be7
9.Bd3 O-O 10.b3 Re8 11.Nge2 Bf6 12.Bb2 Nxd3+ 13.Qxd3 Nd7 14.O-O Nc5 15.Qc2
a5 16.Rae1 Qe7 17.Nd1 Bxb2 18.Nxb2 Qf6 19.Qd2 Bd7 20.Nc3 Qg6 21.Kh2 Kf8 
22.Ne2 h6 23.Nd4 b6 24.Nd1 Nd3 25.Rxe8+ Rxe8 26.Nc3 Nc5 27.Rd1 Ne4 28.Nxe4
Qxe4 29.Nf3 Qe2 30.Re1 Qxd2 31.Rxe8+ Kxe8 32.Nxd2 Bf5 33.Kg3 Ke7 34.Kf4 
Bc2 35.a3 Kf6 36.h4 g6 37.b4 axb4 38.axb4 Ba4 39.Ne4+ Ke7 40.Ke3 f5 41.Nc3
Bd7 42.Kd4 g5 43.hxg5 hxg5 44.g3 g4 45.Ke3 Kf6 46.Kf4 Be8 47.b5 Bd7 48.Na2
Bc8 49.Nb4 Ke7 50.Kg5 Bd7 51.Nc2 1-0

[Event "119th NZL-ch op"]
[Site "Queenstown NZL"]
[Date "2012.01.23"]
[Round "9"]
[White "Xie, George Wendi"]
[Black "Fuatai, Fuatai"]
[Result "1-0"]
[WhiteElo "2459"]
[BlackElo "2031"]
[EventDate "2012.01.15"]
[PlyCount "89"]

1.e4 c5 2.Nc3 g6 3.f4 Bg7 4.Nf3 Nc6 5.Bb5 Nd4 6.Nxd4 cxd4 7.Ne2 Qb6 8.Bd3 
d6 9.c3 e5 10.Qb3 Ne7 11.Qxb6 axb6 12.cxd4 exd4 13.Bb5+ Nc6 14.d3 O-O 15.
Bd2 Be6 16.a4 Na5 17.Bb4 Nb3 18.Ra3 Nc5 19.O-O f5 20.exf5 gxf5 21.Ng3 Bd5 
22.a5 bxa5 23.Bxa5 Rf7 24.Re1 Nb3 25.Bb4 Rxa3 26.Bxa3 Nc5 27.Re8+ Bf8 28.
Bxc5 dxc5 29.Re5 Bb3 30.Nxf5 b6 31.g4 Ra7 32.Re8 Kf7 33.Rb8 Ra1+ 34.Kf2 
Rb1 35.Rb7+ Kg8 36.Rxb6 Rxb2+ 37.Kg3 Bf7 38.Rb8 Be6 39.g5 h5 40.g6 h4+ 41.
Nxh4 Kg7 42.Rb7+ Kg8 43.f5 Bd6+ 44.Kg4 Bd5 45.Bc6 1-0

[Event "119th NZL-ch op"]
[Site "Queenstown NZL"]
[Date "2012.01.23"]
[Round "9"]
[White "Yao Yow Jen, Winston"]
[Black "Milligan, Helen"]
[Result "0-1"]
[WhiteElo "1807"]
[BlackElo "1979"]
[EventDate "2012.01.15"]
[PlyCount "70"]

1.e4 e5 2.Nf3 Nc6 3.Bb5 a6 4.Ba4 Nf6 5.O-O Be7 6.Bxc6 dxc6 7.d3 Qd6 8.Nbd2
b5 9.b3 Bg4 10.Bb2 Nd7 11.Qe1 c5 12.Qe3 O-O 13.Nxe5 Nxe5 14.Qg3 Bf6 15.f4 
Nf3+ 16.Nxf3 Bxb2 17.Qxg4 Bxa1 18.Rxa1 Rae8 19.f5 f6 20.h4 Rf7 21.Qh3 c4 
22.Rd1 Rxe4 23.h5 h6 24.Nd2 Qd4+ 25.Kf1 Rf4+ 26.Nf3 Re7 27.Qg3 Qe3 28.Ra1 
cxd3 29.cxd3 Qxd3+ 30.Kg1 Rxf3 31.Qxf3 Qd4+ 32.Kh2 Qxa1 33.Qa8+ Kh7 34.Qd8
Re1 35.Qd3 Qe5+ 0-1

[Event "119th NZL-ch op"]
[Site "Queenstown NZL"]
[Date "2012.01.23"]
[Round "9"]
[White "Yeten, Huseyin"]
[Black "Jackson, L. Ross"]
[Result "0-1"]
[WhiteElo "1781"]
[BlackElo "1947"]
[EventDate "2012.01.15"]
[PlyCount "54"]

1.d4 Nf6 2.Nf3 e6 3.e3 d5 4.Bd3 c5 5.c3 Nc6 6.Nbd2 Bd6 7.Qe2 O-O 8.e4 dxe4
9.Nxe4 Nxe4 10.Bxe4 f6 11.d5 exd5 12.Bxd5+ Kh8 13.Be3 Ne7 14.O-O-O Nxd5 
15.Rxd5 Be6 16.Rdd1 Qe7 17.Kb1 Rac8 18.h4 Rc6 19.c4 Qf7 20.Nd2 Re8 21.Kc1 
Ra6 22.a3 Ra4 23.Ne4 Be5 24.Kb1 Bxc4 25.Qc2 Ba2+ 26.Ka1 Rxa3 27.Qxc5 Ra6 
0-1

[Event "119th NZL-ch op"]
[Site "Queenstown NZL"]
[Date "2012.01.23"]
[Round "9"]
[White "Zelesco, Karl"]
[Black "Lukey, Stephen"]
[Result "1-0"]
[WhiteElo "1990"]
[BlackElo "2261"]
[EventDate "2012.01.15"]
[PlyCount "59"]

1.e4 e6 2.d4 d5 3.Nc3 Bb4 4.e5 c5 5.Qg4 Ne7 6.dxc5 Nbc6 7.Nf3 d4 8.a3 Ba5 
9.b4 Nxb4 10.axb4 Bxb4 11.Bd2 Bxc3 12.Bxc3 dxc3 13.Qxg7 Rg8 14.Qxh7 Bd7 
15.Qd3 Nd5 16.g3 Qc7 17.Qc4 a6 18.Be2 O-O-O 19.Nd4 Ne7 20.O-O Nc6 21.Rxa6 
Qb8 22.Rb6 Nxd4 23.Qxd4 Bc6 24.Qxc3 Qc7 25.Bf3 Rd5 26.Ra1 Kd7 27.Bxd5 Bxd5
28.Qd4 Rg4 29.Qxg4 Qxc5 30.Rd6+ 1-0

[Event "119th NZL-ch op"]
[Site "Queenstown NZL"]
[Date "2012.01.23"]
[Round "9"]
[White "Zhao Xue"]
[Black "Repplinger, Marc"]
[Result "1-0"]
[WhiteElo "2551"]
[BlackElo "2241"]
[EventDate "2012.01.15"]
[PlyCount "59"]

1.d4 e6 2.c4 f5 3.g3 Nf6 4.Bg2 Be7 5.Nf3 O-O 6.O-O d6 7.Nc3 Qe8 8.Qc2 Qh5 
9.Rd1 Nc6 10.a3 e5 11.dxe5 dxe5 12.Nd5 Bc5 13.b4 Nd4 14.Qa2 Nxf3+ 15.exf3 
Nxd5 16.Rxd5 Bd4 17.Bb2 c6 18.Rd6 Bxb2 19.Qxb2 f4 20.Re1 Re8 21.c5 e4 22.
fxe4 a5 23.Qb3+ Kh8 24.gxf4 axb4 25.axb4 Bg4 26.h3 Bf5 27.Kh2 Bg6 28.Rd7 
Rf8 29.f5 Bf7 30.Qg3 1-0